| 000 | 00566nam a22002177a 4500 | ||
|---|---|---|---|
| 999 |
_c4574 _d4574 |
||
| 001 | 4574 | ||
| 003 | BD-JhCC | ||
| 005 | 20171128183447.0 | ||
| 008 | 171128r19611964xxuao||| |||| 000 0 eng d | ||
| 035 | _a(BD-JhCC)4574 | ||
| 040 |
_aBD-JhCC _dBD-JhCC |
||
| 041 | _aeng | ||
| 082 |
_a613.7 _bKEE 1964 |
||
| 100 | _aKeegan, J. | ||
| 245 |
_aBasic Physical Education for Boys / _cJ. Keegan |
||
| 260 |
_aNow York : _bMacmillan & Co LTD , _c1964. |
||
| 300 |
_a96 p. : _bill. ; _c18 cm |
||
| 650 | _aPhysical Education and Training | ||
| 942 |
_2ddc _cBK |
||